Česká republika - 26. člen OECD

Organizácia pre hospodársku spoluprácu a rozvoj (OECD), založená v r. 1961, združuje v súčasnosti 25 najvyspelejších krajín sveta. Rozhodnutím OECD sa ČR stáva prvou postkomunistickou krajinou strednej a východnej Európy, ktorá sa tak zaraďuje medzi ekonomicky najvyspelejšie krajiny svetového spoloč...

ver descrição completa

Na minha lista:
Detalhes bibliográficos
Autor principal: Křelinová, Jana
Formato: Capítulo de Livro
Idioma:tcheco
Assuntos:
Tags: Adicionar Tag
Sem tags, seja o primeiro a adicionar uma tag!

MARC

LEADER 00000naa a2200000 4500
001 r019172
005 20221208130619.3
041 0 |a cze 
044 |a CZ 
245 1 0 |a Česká republika - 26. člen OECD  |c Jana Křelinová 
520 |a Organizácia pre hospodársku spoluprácu a rozvoj (OECD), založená v r. 1961, združuje v súčasnosti 25 najvyspelejších krajín sveta. Rozhodnutím OECD sa ČR stáva prvou postkomunistickou krajinou strednej a východnej Európy, ktorá sa tak zaraďuje medzi ekonomicky najvyspelejšie krajiny svetového spoločenstva. 
610 2 0 |a spolupráca hospodárska medzinárodná 
610 2 0 |a OECD 
610 2 0 |a Česko 
610 2 0 |a 1995 
100 1 |a Křelinová, Jana